Szczegóły MARC21

Księgowość w małej i średniej firmie : uproszczone formy ewidencji /

003 -Nazwa inst., której nr kontr. jest w polu 001 [,]
    • @
    • Nazwa instytucji, której n kontrolny jest w polu 001
    • NUKAT
005 -DATA I CZAS OSTATNIEJ MODYFIKACJI [,]
    • @
    • pole kontrolne
    • 20241231103457.0
020 -Międzynarod. znormalizowany nr książki - ISBN [ , ]
    • a
    • Numer ISBN
    • 9788375564006 Find
040 -Instytucja sporządzająca opis [ , ]
    • a
    • Instytucja, która sporządziła opis (NP)
    • WA U/88GRY
    • c
    • Instytucja, która sporządziła rekord (NP)
    • WA U/GRY
    • d
    • Instytucja, która zmodyfikowała rekord (P)
    • WA U/88GRY
942 -Rodzaj dokumentu [ , ]
    • c
    • Rodzaj dokumentu
    • Książka
100 -Hasło główne - nazwa osobowa [1, ]
    • a
    • Nazwa osobowa (NP)
    • Tokarski, Andrzej
    • c
    • Dopowiedzenie inne niż daty biograficzne (P)
    • (finanse).
    • 9
    • KHW
    • 12594
245 -Strefa tytułu i oznaczenia odpowiedzialności [1,0]
    • a
    • Tytuł
    • Księgowość w małej i średniej firmie : Find
    • b
    • Ciąg dalszy tytułu (NP)
    • uproszczone formy ewidencji / Find
    • c
    • Pozostałe elementy strefy tytułu i oznaczenia odpowiedzialności (NP)
    • Andrzej Tokarski, Maciej Tokarski, Grażyna Voss.
246 -Wariant tytułu [3,1]
    • a
    • Tytuł (NP)
    • Uproszczone formy ewidencji
250 -Strefa wydania [ , ]
    • a
    • Oznaczenie wydania (NP)
    • Wyd. 4 zm. i uaktualnione (dodr.).
260 -Strefa adresu wydawniczego [ , ]
    • a
    • Miejsce wydania (P)
    • Warszawa :
    • b
    • Nazwa wydawcy (P)
    • CeDeWu,
    • c
    • Data wydania (P)
    • 2012.
300 -Strefa opisu fizycznego [ , ]
    • a
    • Określenie formy książki i/lub objętość (NP)
    • 198 s. :
    • b
    • Oznaczenie ilustracji (NP)
    • il. ;
    • c
    • Format (NP)
    • 24 cm + 1 dysk optyczny (CD-ROM).
336 -Typ zawartości [ , ]
    • a
    • Termin opisujący typ zawartości
    • Tekst
    • b
    • Kod określający zawartość
    • txt
    • 2
    • Źródło (terminu i kodu)
    • rdacontent
337 -Typ mediów [ , ]
    • a
    • Tryb odtwarzania
    • Bez urządzenia pośredniczącego
    • b
    • Kod typu mediów
    • n
    • 2
    • Źródło (terminu i kodu)
    • rdamedia
338 -Typ/rodzaj nośnika [ , ]
    • a
    • Hasło opisujące typ nośnika
    • Wolumin
    • b
    • Kod typu nośnika
    • nc
    • 2
    • Źródło (terminu i kodu)
    • rdacarrier
490 -Strefa serii i książki wielotomowej - forma nie do wyszukiwania [1, ]
    • a
    • Tytuł (P)
    • ABC Przedsiębiorcy - CeDeWu Find
830 -Hasło dodatkowe serii i opisu książki wielotomowej - tytuł ujednolicony/tytuł [ ,0]
    • a
    • Tytuł ujednolicony/tytuł (NP)
    • ABC Przedsiębiorcy - CeDeWu
    • 9
    • KHW
    • 40185
500 -Uwaga ogólna [ , ]
    • a
    • Uwaga ogólna (NP)
    • Zawiera tabele.
504 -Uwaga dot. bibliogr. załącznikowej [ , ]
    • a
    • Uwaga dot. bibliografii załącznikowej
    • Bibliogr. s. 195-198.
521 -Uwaga dot. przeznaczenia czytelniczego [8, ]
    • a
    • Uwaga dot. przeznaczenia czytelniczego
    • Dla studentów jako materiał szkoleniowy, słuchaczy oraz uczestników kursów i szkoleń, którzy zamierzają samodzielnie prowadzić działalność gospodarczą oraz jej ewidencję i rozliczenia w zależności od wybranej formy opodatkowania.
080 -Uniwersalna Klasyfikacja Dziesiętna [ , ]
    • 2
    • Identyfikator wydania tablic
    • UDC-P058
    • 9
    • UKD
    • 5580
    • a
    • Symbol klasyfikacji
    • 657
    • b
    • Dopowiedzenie
    • Rachunkowość. Księgowość.
    • 4
    • UKD2
    • 8594
    • x
    • Poddział wspólny
    • (07)
    • c
    • Dopowiedzenie poddz. wspólnego
    • (Wydawnictwa dydaktyczne. Podręczniki).
080 -Uniwersalna Klasyfikacja Dziesiętna [ , ]
    • 2
    • Identyfikator wydania tablic
    • UDC-P058
    • 9
    • UKD
    • 5610
    • a
    • Symbol klasyfikacji
    • 658.114-022.51
    • b
    • Dopowiedzenie
    • Małe przedsiębiorstwo prywatne. Mały biznes.
    • 4
    • UKD2
    • 8594
    • x
    • Poddział wspólny
    • (07)
    • c
    • Dopowiedzenie poddz. wspólnego
    • (Wydawnictwa dydaktyczne. Podręczniki).
080 -Uniwersalna Klasyfikacja Dziesiętna [ , ]
    • 2
    • Identyfikator wydania tablic
    • UDC-P058
    • 9
    • UKD
    • 5611
    • a
    • Symbol klasyfikacji
    • 658.114-022.55
    • b
    • Dopowiedzenie
    • Średnie przedsiębiorstwo prywatne.
    • 4
    • UKD2
    • 8594
    • x
    • Poddział wspólny
    • (07)
    • c
    • Dopowiedzenie poddz. wspólnego
    • (Wydawnictwa dydaktyczne. Podręczniki).
650 -Hasło przedmiotowe [ ,7]
    • a
    • Hasło przedmiotowe
    • Małe i średnie przedsiębiorstwa
    • z
    • Określnik geograficzny
    • Polska
    • x
    • Określnik rzeczowy
    • rachunkowość
    • v
    • Określnik formalny
    • poradniki.
    • 2
    • Źródło terminu
    • kaba
    • 9
    • KHW
    • 365460
650 -Hasło przedmiotowe [ ,7]
    • a
    • Hasło przedmiotowe
    • Księgi rachunkowe
    • z
    • Określnik geograficzny
    • Polska
    • v
    • Określnik formalny
    • poradniki.
    • 2
    • Źródło terminu
    • kaba
    • 9
    • KHW
    • 350154
650 -Hasło przedmiotowe [ ,7]
    • a
    • Hasło przedmiotowe
    • Rachunkowość podatkowa
    • z
    • Określnik geograficzny
    • Polska
    • v
    • Określnik formalny
    • poradniki.
    • 2
    • Źródło terminu
    • kaba
    • 9
    • KHW
    • 352062
980 -Symbol UKD [ , ]
    • a
    • UKD
    • 657:658.114-022.51:658.114-022.55](07)
700 -Hasło dodatkowe - nazwa osobowa [1, ]
    • a
    • Nazwa osobowa (NP)
    • Tokarski, Maciej. Find
    • 9
    • KHW
    • 12592
700 -Hasło dodatkowe - nazwa osobowa [1, ]
    • a
    • Nazwa osobowa (NP)
    • Voss, Grażyna. Find
    • 9
    • KHW
    • 19962
920 -ISBN [ , ]
    • a
    • ISBN
    • 978-83-7556-400-6 Find
Status udost. Numer inwentarzowy Sygnatura Lokalizacja Data inwentaryzacji
-2E.74432 BE2013-01-08
-2T.11628T.11628T2012-03-16